MARC

LEADER 00000nam0a2200000 4500
001 298497
005 20231102001117.0
020 |a RU  |b 84-70087 
035 |a (RuTPU)RU\TPU\book\323640 
090 |a 298497 
100 |a 20150618d1984 k y0rusy5003 ca 
101 0 |a rus 
102 |a RU 
105 |a a z 001zy 
200 1 |a Адаптация в информационных оптических системах  |f под ред. Н. Д. Устинова 
210 |a Москва  |c Радио и связь  |d 1984 
215 |a 344 с.  |c ил. 
320 |a Библиогр.: с. 336-341 
606 1 |a Оптические системы  |x Исследование  |2 stltpush  |3 (RuTPU)RU\TPU\subj\47243  |9 66300 
610 1 |a адаптивные алгоритмы 
610 1 |a оптимальные алгоритмы 
610 1 |a структура 
610 1 |a световые сигналы 
610 1 |a обработка 
610 1 |a адаптивная оптика 
610 1 |a фазовые модуляторы 
675 |a 681.7  |v 4 
702 1 |a Устинов  |b Н. Д.  |g Николай Дмитриевич  |4 340 
801 0 |a RU  |b RuMRKP  |c 19950704  |g psbo 
801 1 |a RU  |b 63413507  |c 20150618 
801 2 |a RU  |b 63413507  |c 20170728  |g RCR 
942 |c BK